Clothing Brand Logos - Statistics

General Stats
  • This quiz has been taken 124 times
  • The average score is 13 of 20
Answer Stats
Picture Answer % Correct
Puma
99%
Adidas
97%
Nike
97%
New Balance
95%
Chanel
92%
Louis Vuitton
92%
Tommy Hilfiger
89%
Vans
86%
The North Face
79%
Under Armour
75%
Ralph Lauren
70%
Fruit of the Loom
68%
Umbro
65%
Dickies
63%
Carhartt
55%
Reebok
40%
Hollister
32%
Volcom
23%
Homeboy
1%
NNSNS
1%
No matching quizzes found
Score Distribution
Percent of People with Each Score
Percentile by Number Answered
Your Score History
You have not taken this quiz